Statistics for Foreigner Songs on the Billboard Hot 100 Chart (USA)

Click here to take the quiz!

General Stats

  • This quiz has been taken 80 times
  • The average score is 8 of 22

Answer Stats

Peak Chart Position, YearAnswer% Correct
1, 1985I Want to Know What Love Is
82%
26, 1982Juke Box Hero
80%
4, 1981Urgent
70%
6, 1977Cold as Ice
68%
3, 1978Hot Blooded
66%
2, 1981Waiting For a Girl Like You
61%
4, 1977Feels Like the First Time
52%
2, 1978Double Vision
50%
14, 1979Head Games
45%
12, 1979Dirty White Boy
39%
6, 1988Say You Will
38%
15, 1979Blue Morning, Blue Day
30%
20, 1978Long, Long Way From Home
30%
12, 1985That Was Yesterday
29%
5, 1988I Don't Want to Live Without You
21%
26, 1982Break It Up
18%
75, 1982Luanne
14%
41, 1980Women
14%
54, 1985Reaction to Action
13%
56, 1988Heart Turns to Stone
9%
54, 1985Down on Love
7%
42, 1995Until the End of Time
5%

Score Distribution

Percentile by Number Answered

Percent of People with Each Score

Your Score History

You have not taken this quiz